Biggest Cities in Scotland on a Map - Statistics

General Stats
  • This quiz has been taken 558 times
  • The average score is 11 of 20
Answers on the Map
Answers color-coded by a green-red scale on the quiz's map according to % correct below.
 
Answer Stats
Pop City % Correct
498 K Edinburgh
99%
623 K Glasgow
99%
198 K Aberdeen
95%
148 K Dundee
90%
47.3 K Inverness
90%
46.9 K Perth
71%
37.8 K Stirling
69%
46.7 K Ayr
53%
77.3 K Paisley
45%
57.0 K Livingston
40%
54.0 K Dunfermline
38%
54.2 K Hamilton
37%
46.4 K Kilmarnock
37%
75.3 K East Kilbride
34%
41.9 K Greenock
33%
50.1 K Kirkcaldy
33%
50.4 K Cumbernauld
30%
36.6 K Airdrie
27%
38.2 K Glenrothes
26%
43.9 K Coatbridge
22%
No matching quizzes found
Score Distribution
Percent of People with Each Score
Percentile by Number Answered
Your Score History
You have not taken this quiz